Plant physiology : (Record no. 6606)

MARC details
000 -LEADER
fixed length control field 00772cam a22002292 4500
001 - CONTROL NUMBER
control field 0000004703
005 - DATE AND TIME OF LATEST TRANSACTION
control field 20151217151938.0
008 - FIXED-LENGTH DATA ELEMENTS--GENERAL INFORMATION
fixed length control field 070528s xx 000 0 eng d
020 ## - INTERNATIONAL STANDARD BOOK NUMBER
International Standard Book Number 157802404 :
Terms of availability KES 5,984
040 ## - CATALOGING SOURCE
Original cataloging agency KABU
Transcribing agency KABU
050 #0 - LIBRARY OF CONGRESS CALL NUMBER
Classification number QK711.2
Item number .P53
245 10 - TITLE STATEMENT
Title Plant physiology :
Remainder of title characteristics, breeding and genetics /
Statement of responsibility, etc. ed. by Ramdane Dris, Caterine Barry-Ryan.
260 ## - PUBLICATION, DISTRIBUTION, ETC. (IMPRINT)
Place of publication, distribution, etc. Enfield, NH :
Name of publisher, distributor, etc. Science Publishers,
Date of publication, distribution, etc. 2002.
300 ## - PHYSICAL DESCRIPTION
Extent xvi, 195 p.
650 #0 - SUBJECT ADDED ENTRY--TOPICAL TERM
Topical term or geographic name as entry element Plant physiology
General subdivision Congresses.
-- 0000155415
700 1# - ADDED ENTRY--PERSONAL NAME
Personal name Dris, Ramdane.
-- 0000155416
700 1# - ADDED ENTRY--PERSONAL NAME
Personal name Barry-Ryan, Caterine.
-- 0000155417
908 ## - PUT COMMAND PARAMETER (RLIN)
Put command parameter 070528
950 ## - LOCAL HOLDINGS (RLIN)
-- 1
Holdings
Withdrawn status Lost status Source of classification or shelving scheme Not for loan Home library Current library Date acquired Total Checkouts Full call number Barcode Date last seen Price effective from Koha item type
    Library of Congress Classification   Kabarak, Main Campus Kabarak, Main Campus 17/12/2015   QK711.2 .P53 007303 17/12/2015 17/12/2015 General Collection
    Library of Congress Classification   Kabarak, Main Campus Kabarak, Main Campus 17/12/2015   QK711.2 .P53 005042 17/12/2015 17/12/2015 General Collection
Designed with assistance from East African Informatics Ltd